[Event "Bremen-ch op"]
[Site "Bremen"]
[Date "2014.04.16"]
[Round "6"]
[White "Maeder, Christian"]
[Black "Jung, Gerald"]
[Result "1/2-1/2"]
[WhiteElo "1925"]
[BlackElo "1997"]
[PlyCount "32"]
[EventDate "2014.04.14"]
[EventType "swiss"]
[EventRounds "9"]
[EventCountry "GER"]
[SourceTitle "EXT 2018"]
[Source "ChessBase"]
[SourceDate "2017.10.13"]
[SourceVersion "1"]
[SourceVersionDate "2017.10.13"]
[SourceQuality "1"]

1. e4 Nf6 2. e5 Nd5 3. d4 d6 4. exd6 Qxd6 5. Nf3 Bf5 6. Be2 e6 7. 0-0 Be7 8. Na3 c6 9. Nc4 Qc7 10. Bd3 Bxd3 11. Qxd3 Nd7 12. Bg5 Bxg5 13. Nxg5 N5f6 14. Rfe1 h6 15. Qh3 0-0 16. Nf3 c5 1/2-1/2

[Event "Bremen-ch op"]
[Site "Bremen"]
[Date "2014.04.14"]
[Round "1"]
[White "Maeder, Christian"]
[Black "Ditmas, Hugh"]
[Result "1/2-1/2"]
[WhiteElo "1925"]
[BlackElo "2026"]
[PlyCount "121"]
[EventDate "2014.04.14"]
[EventType "swiss"]
[EventRounds "9"]
[EventCountry "GER"]
[SourceTitle "EXT 2018"]
[Source "ChessBase"]
[SourceDate "2017.10.13"]
[SourceVersion "1"]
[SourceVersionDate "2017.10.13"]
[SourceQuality "1"]

1. e4 c5 2. Nf3 Nc6 3. d4 cxd4 4. c3 dxc3 5. Nxc3 e6 6. Bc4 a6 7. 0-0 b5 8. Bb3 Bb7 9. Qe2 Nge7 10. Rd1 Ng6 11. Be3 Be7 12. Rac1 0-0 13. Ne1 Rc8 14. a4 b4 15. Nb1 Na5 16. Bc2 Nc4 17. Bd3 Nxe3 18. Rxc8 Qxc8 19. Qxe3 Qc5 20. Qxc5 Bxc5 21. Nd2 Ne5 22. Be2 Rd8 23. Kf1 g5 24. Nb3 Ba7 25. f3 Bc6 26. Ra1 d5 27. Na5 dxe4 28. Nxc6 Nxc6 29. Rd1 Rxd1 30. Bxd1 e3 31. Ke2 f5 32. Nd3 f4 33. g3 e5 34. Bb3+ Kg7 35. Bd5 Nd4+ 36. Ke1 a5 37. Nxe5 Bb8 38. gxf4 gxf4 39. Nc6 Nxc6 40. Bxc6 b3 41. Bd5 Be5 42. Bxb3 Bxb2 43. Bc4 Bf6 44. Bd3 h6 45. Ke2 Bh4 46. Bc4 Kf6 47. Bb5 Kg5 48. Kf1 Bf2 49. Bd7 Kh4 50. Bc8 h5 51. Bd7 Bg3 52. h3 Bf2 53. Kg2 Be1 54. Bb5 Bd2 55. Ba6 Kg5 56. Kf1 Kh4 57. Kg2 Kg5 58. Kf1 Bb4 59. Bb5 Kf6 60. Ke2 Kg5 61. Kf1 1/2-1/2

[Event "Zuerich op 37th"]
[Site "Zuerich"]
[Date "2013.12.27"]
[Round "2"]
[White "Maeder, Christian"]
[Black "Gallagher, Joseph G"]
[Result "0-1"]
[WhiteElo "2017"]
[BlackElo "2495"]
[PlyCount "72"]
[EventDate "2013.12.26"]
[EventType "swiss"]
[EventRounds "7"]
[EventCountry "SUI"]
[SourceTitle "CBM 158 Extra"]
[Source "ChessBase"]
[SourceDate "2014.02.28"]
[SourceVersion "1"]
[SourceVersionDate "2014.02.28"]
[SourceQuality "1"]

1. c4 e5 2. g3 Nf6 3. Bg2 c6 4. Nf3 e4 5. Nd4 d5 6. cxd5 Qxd5 7. e3 Bc5 8. Nc3 Qe5 9. Nb3 Bb6 10. d4 exd3 11. Qxd3 0-0 12. 0-0 Qh5 13. Qe2 Bg4 14. f3 Be6 15. Nd4 Bxd4 16. exd4 Nbd7 17. Bf4 Nb6 18. Qf2 Nfd5 19. g4 Qg6 20. Bg3 f5 21. gxf5 Rxf5 22. Bh3 Rf7 23. Bxe6 Qxe6 24. Rae1 Qg6 25. Kh1 Raf8 26. Be5 Qd3 27. Rg1 g6 28. Nxd5 Nxd5 29. Rg3 Rxf3 30. Rxf3 Rxf3 31. Qe2 Qf5 32. Bg3 Re3 33. Qg2 Rxe1+ 34. Bxe1 Qd3 35. Qf2 Qe4+ 36. Kg1 Nf4 0-1